Embedded Systems Design with Platform FPGAs : (Record no. 15189)
[ view plain ]
| 000 -LEADER | |
|---|---|
| fixed length control field | 01225cam a2200301 a 4500 |
| 001 - CONTROL NUMBER | |
| control field | 16163443 |
| 005 - DATE AND TIME OF LATEST TRANSACTION | |
| control field | 20100923094550.0 |
| 008 - FIXED-LENGTH DATA ELEMENTS--GENERAL INFORMATION | |
| fixed length control field | 100330s2010 ne a b 001 0 eng |
| 010 ## - LIBRARY OF CONGRESS CONTROL NUMBER | |
| LC control number | 2010010632 |
| 020 ## - INTERNATIONAL STANDARD BOOK NUMBER | |
| International Standard Book Number | 0123743338 |
| 020 ## - INTERNATIONAL STANDARD BOOK NUMBER | |
| International Standard Book Number | 9780123743336 |
| 035 ## - SYSTEM CONTROL NUMBER | |
| System control number | (OCoLC)ocn429025311 |
| 040 ## - CATALOGING SOURCE | |
| Original cataloging agency | DLC |
| Transcribing agency | DLC |
| Modifying agency | BTCTA |
| -- | C#P |
| -- | BWX |
| -- | CDX |
| -- | DLC |
| 050 00 - LIBRARY OF CONGRESS CALL NUMBER | |
| Classification number | TK7895.E42 |
| Item number | S27 2010 |
| 082 00 - DEWEY DECIMAL CLASSIFICATION NUMBER | |
| Classification number | 004.16 |
| Edition number | 22 |
| Item number | SAS |
| 100 1# - MAIN ENTRY--PERSONAL NAME | |
| Personal name | Sass, Ronald |
| Fuller form of name | (Ronald R.) |
| 9 (RLIN) | 23376 |
| 245 10 - TITLE STATEMENT | |
| Title | Embedded Systems Design with Platform FPGAs : |
| Remainder of title | Principles and Ppractices / |
| Statement of responsibility, etc | Ronald Sass, Andrew G. Schmidt. |
| 260 ## - PUBLICATION, DISTRIBUTION, ETC. (IMPRINT) | |
| Place of publication, distribution, etc | Burlington, MA : |
| Name of publisher, distributor, etc | Morgan Kaufmann/ Elsevier, 2010 |
| Date of publication, distribution, etc | c2010. |
| 300 ## - PHYSICAL DESCRIPTION | |
| Extent | xv, 389 p. : |
| Other physical details | ill. ; |
| Dimensions | 25 cm. |
| 504 ## - BIBLIOGRAPHY, ETC. NOTE | |
| Bibliography, etc | Includes bibliographical references and index. |
| 650 #0 - SUBJECT ADDED ENTRY--TOPICAL TERM | |
| Topical term or geographic name as entry element | Embedded computer systems. |
| 9 (RLIN) | 23377 |
| 650 #0 - SUBJECT ADDED ENTRY--TOPICAL TERM | |
| Topical term or geographic name as entry element | Field programmable gate arrays. |
| 9 (RLIN) | 23378 |
| 653 ## - INDEX TERM--UNCONTROLLED | |
| Resource For college | |
| Arrived date list | April2011 |
| 700 1# - ADDED ENTRY--PERSONAL NAME | |
| Personal name | Schmidt, Andrew G. |
| 9 (RLIN) | 23379 |
| 942 ## - ADDED ENTRY ELEMENTS (KOHA) | |
| Source of classification or shelving scheme | Dewey Decimal Classification |
| Item type | Book - Borrowing |
| Withdrawn status | Item status | Source of classification or shelving scheme | Damaged status | Not for loan | Vendor | Home library | Current library | Shelving location | Date acquired | Source of acquisition | Cost, normal purchase price | Serial Enumeration / chronology | Total Checkouts | Full call number | Barcode | Date last seen | Koha item type |
|---|---|---|---|---|---|---|---|---|---|---|---|---|---|---|---|---|---|
| Dewey Decimal Classification | Baccah | Central Library | Central Library | Lower Floor | 27/04/2011 | 576.00 | 12158 | 004.16 SAS | 000023407 | 15/07/2025 | Book - Borrowing |